000 02353nam a2200217Ia 4500
999 _c4862
_d4862
003 OSt
005 20210331112520.0
008 160316s1975 xxu||||| |||| 00| 0 eng d
020 _a9788170222194
040 _c.
082 _a328.365000
_bKUM-X
100 _aKumar Virendra
245 _aCommittees and commissions in India 1947-1973.Vol.X : 1970
260 _aNew Delhi
_bConcept Publishing Co.
_c1975
300 _a439
_b20 cm
365 _bRs.200/-
505 _aCONTENTS; Introduction; 1970 1. Banking Commission, Study Group on Bank Procedures, 1970; 2. Review Committee on National Academies and Indian Council for Cultural Relations, 1970; 3. Study Group on Bank Procedures, 1970; 4. Study Team on Design Organisations in Selected Public Undertakings, 1970; 5. Working Group on Resource Mobilisation, Profitability, etc., of State Financial Corporation, 1970; 6. Working Group on Metropolitan Transport Services, 1970; 7. Direct Taxes Enquiry Committee, 1970-71; 8. Reviewing Committee for Indian Institute of Technology Madras, 1970; 9. Special Committee on Reorganisation and Development of Polytechnic Education in India, 1970-71; 10. Third Pay Commission, 1970-1973; 11. Study Group on the Development of the Pre-school Child, 1970; 12 . . Central Advisory Board of Education, Committee on School Buildings, 1970; 13. India, Banking Commission, Study Group on Non-Banking Financial Intermediaries, 1970 ; 14. One-Man Commission on Inquiry int-o the Disappearance of Netaji Subhash Chandra Bose, 1970; 15. National High Level Scientific Committee for Plant and Animal Introduction and Quarantine, 1970; 16. Pipeiine Inquiry Commission, 1970; 18. Sugar Industry Enquiry Commission, 1970; 19. Reserve Bank of India, Working Group on Financing of Industrial Estates, 1970; 20. India, Fuel Policy Committee, 1970; 21. India, Expert Committee on the National Cooperative Development Corporation, 1970; 22. India, Construction Plant Machinery Committee, 1970; 23. India, Committee on Unemployment, 1970 ; 24. India, Study Group on the Development of the Pre-school Child, 1970; 25. India, Committee on Technical Consultancy Services, 1970; 26. India, Committee on Pre-school Children Feeding Programmes, 1970;
650 _a1.Committee - Commissions- Recommendations
700 _a
_a
942 _2ddc
_cBK